[Event "Campeonato de España Abierto 2006"]
[Site "Leon ESP"]
[Date "2006.11.27"]
[Round "6.27"]
[White "Rodriguez Perez, Jose Javier"]
[Black "Soto Iglesias, David"]
[Result "1/2-1/2"]
[WhiteElo "2107"]
[BlackElo "1850"]
[PlyCount "91"]
[EventDate "2006.11.22"]
[EventType "swiss"]
[EventRounds "9"]
[EventCountry "ESP"]
[Source "lmi"]
[SourceDate "2006.11.22"]

1. e4 c5 2. Nf3 Nc6 3. Bb5 g6 4. Bxc6 bxc6 5. O-O Bg7 6. c3 Nf6 7. Re1 O-O 8.
d4 cxd4 9. Nxd4 Qc7 10. Nd2 d5 11. Qe2 Re8 12. e5 Ng4 13. N2f3 c5 14. Nb3 a5
15. Qb5 Bf5 16. Qxc5 Qxc5 17. Nxc5 a4 18. h3 Nh6 19. Be3 Reb8 20. Re2 Rb5 21.
Bd4 Raa5 22. g4 Nxg4 23. hxg4 Bxg4 24. Re3 Rxc5 25. Bxc5 Rxc5 26. Nd4 h5 27. b4
axb3 28. axb3 Bh6 29. Rd3 Bf4 30. b4 Rc8 31. f3 Bh3 32. Ra5 e6 33. b5 Bxe5 34.
Nc6 Bd6 35. Na7 Ra8 36. b6 Rb8 37. c4 Rxb6 38. c5 Rb1+ 39. Kf2 Rf1+ 40. Ke2 Bc7
41. Rb5 Rc1 42. Rd1 Rc2+ 43. Rd2 Rc1 44. Rd1 Rc2+ 45. Rd2 Rc1 46. Rd1 1/2-1/2

[Event "Campeonato de España Abierto 2006"]
[Site "Leon ESP"]
[Date "2006.11.27"]
[Round "6.28"]
[White "Jimenez Martin, Gustavo"]
[Black "Lopez Tascon, Miguel Angel"]
[Result "1-0"]
[WhiteElo "2110"]
[BlackElo "1817"]
[PlyCount "111"]
[EventDate "2006.11.22"]
[EventType "swiss"]
[EventRounds "9"]
[EventCountry "ESP"]
[Source "lmi"]
[SourceDate "2006.11.22"]

1. d4 d5 2. Nc3 Nf6 3. Bg5 Bf5 4. Bxf6 exf6 5. e3 c6 6. Bd3 Bxd3 7. Qxd3 Bd6 8.
Nge2 Nd7 9. Ng3 g6 10. e4 dxe4 11. Ngxe4 Be7 12. Qe3 O-O 13. O-O-O f5 14. Nd2
Nb6 15. Nf3 Bf6 16. Ne5 Re8 17. f4 Qc7 18. Qf3 Rad8 19. h3 Nd5 20. g4 Nxc3 21.
Qxc3 Bxe5 22. fxe5 Qd7 23. Qf3 fxg4 24. hxg4 Qe6 25. Qh3 h5 26. gxh5 Qxh3 27.
Rxh3 gxh5 28. Rxh5 Kf8 29. Rh8+ Ke7 30. Rxe8+ Rxe8 31. Rf1 Rh8 32. Kd2 Rh2+ 33.
Kc3 Rh3+ 34. Kc4 Rh2 35. Kb3 Rh3+ 36. c3 Rh2 37. Rg1 Kd7 38. Rf1 Ke7 39. a4 a5
40. Rg1 Kf8 41. Rc1 Ke7 42. Rc2 Rh3 43. Rf2 Ke6 44. Kc4 Rh8 45. Kc5 Rh1 46. Kb6
Ra1 47. Kxb7 Rxa4 48. Kxc6 Ra1 49. Re2 Rd1 50. Kb5 Ra1 51. c4 Kd7 52. d5 a4 53.
c5 Ra2 54. c6+ Kc8 55. Rh2 Kb8 56. Kb6 1-0

[Event "Campeonato de España Abierto 2006"]
[Site "Leon ESP"]
[Date "2006.11.27"]
[Round "6.32"]
[White "Marcos Robles, Juan Antonio"]
[Black "Bazan Solera, Manuel"]
[Result "0-1"]
[WhiteElo "1842"]
[BlackElo "1971"]
[PlyCount "88"]
[EventDate "2006.11.22"]
[EventType "swiss"]
[EventRounds "9"]
[EventCountry "ESP"]
[Source "lmi"]
[SourceDate "2006.11.22"]

1. e4 d6 2. d4 Nf6 3. Nc3 g6 4. f4 Bg7 5. Nf3 O-O 6. Bc4 Nxe4 7. Nxe4 d5 8. Bd3
dxe4 9. Bxe4 c5 10. c3 cxd4 11. Nxd4 e5 12. Ne2 Qb6 13. Qb3 Qa6 14. Kf2 Nc6 15.
Be3 Be6 16. Qc2 Rac8 17. Bxc6 bxc6 18. Rhe1 Bf5 19. Qc1 Bd3 20. fxe5 Rfe8 21.
Nf4 Rxe5 22. Nxd3 Qxd3 23. Qd2 Qf5+ 24. Kg1 a5 25. Rf1 Qe6 26. Rae1 Qxa2 27.
Ra1 Qe6 28. Rae1 Re8 29. Bf2 Qc8 30. Rxe5 Rxe5 31. Re1 Rxe1+ 32. Qxe1 Qe6 33.
Qxe6 fxe6 34. Kf1 Be5 35. Ke2 Kf7 36. Kd3 Kf6 37. b3 Kf5 38. Bb6 Bxh2 39. Bxa5
e5 40. Ke3 Bg1+ 41. Ke2 Ke4 42. Bc7 h5 43. b4 Kd5 44. Kd2 e4 0-1

[Event "Campeonato de España Abierto 2006"]
[Site "Leon ESP"]
[Date "2006.11.27"]
[Round "6.33"]
[White "Moran Llera, Jose Angel"]
[Black "Martinez Rodriguez, Eugenio"]
[Result "0-1"]
[WhiteElo "1859"]
[BlackElo "2051"]
[PlyCount "65"]
[EventDate "2006.11.22"]
[EventType "swiss"]
[EventRounds "9"]
[EventCountry "ESP"]
[Source "lmi"]
[SourceDate "2006.11.22"]

1. d4 d6 2. Nf3 f5 3. Bg5 g6 4. h4 h6 5. Bf4 Bg7 6. e3 c5 7. c3 Qb6 8. Qc2 Nf6
9. Nbd2 Be6 10. Nc4 Qc6 11. Be2 Nbd7 12. O-O-O b5 13. Na3 Rb8 14. dxc5 Qxc5 15.
b4 Qb6 16. Kd2 Ne4+ 17. Ke1 Nxc3 18. Nd4 Bxd4 19. Rxd4 Nxe2 20. Kxe2 Kf7 21.
Rhd1 Rhc8 22. Qb2 Qc6 23. Bxh6 Qxg2 24. Rf4 Ne5 25. Qa1 Rb6 26. h5 Ra6 27.
hxg6+ Kg8 28. Rg1 Qd5 29. Rd1 Qc6 30. Nxb5 Rxa2+ 31. Qxa2 Bxa2 32. Nd4 Qc4+ 33.
Kd2 0-1

[Event "Campeonato de España Abierto 2006"]
[Site "Leon ESP"]
[Date "2006.11.27"]
[Round "6.35"]
[White "Fernandez Calzada, Juan Antonio"]
[Black "Gil Garcia, Robert"]
[Result "1/2-1/2"]
[WhiteElo "1951"]
[BlackElo "1922"]
[PlyCount "108"]
[EventDate "2006.11.22"]
[EventType "swiss"]
[EventRounds "9"]
[EventCountry "ESP"]
[Source "lmi"]
[SourceDate "2006.11.22"]

1. e4 c5 2. Nf3 d6 3. d4 cxd4 4. Nxd4 Nf6 5. Nc3 a6 6. Be2 e5 7. Nb3 Be6 8. Bg5
Be7 9. Qd2 Qc7 10. O-O b5 11. Bxf6 Bxf6 12. Bxb5+ axb5 13. Nxb5 Qc6 14. Nxd6+
Ke7 15. Nf5+ Bxf5 16. exf5 Rd8 17. Qe2 Kf8 18. c3 Ra4 19. g3 Na6 20. Nd2 Nc5
21. b3 Ra7 22. Nc4 e4 23. Rac1 Rd3 24. b4 Na4 25. Na5 Rxa5 26. bxa5 Nxc3 27.
Qb2 Bd4 28. Rfe1 Rf3 29. Qb4+ Bc5 30. Qb8+ Qe8 31. Qxe8+ Kxe8 32. Rc2 Bb4 33.
a6 Rxf5 34. a3 Bc5 35. Kg2 Nb5 36. Rxe4+ Kd7 37. a4 Nc7 38. a7 Bxa7 39. f4 Rd5
40. Rec4 Ne6 41. Rb2 Nd8 42. Rbc2 Ne6 43. g4 Ra5 44. f5 Nc5 45. Rd2+ Ke7 46.
Rd5 Bb6 47. g5 Rxa4 48. Rxa4 Nxa4 49. Rb5 Bc7 50. h4 f6 51. Kf3 Nb6 52. Ke4 Nc8
53. Kd5 Kd7 54. Rb1 Nd6 1/2-1/2

[Event "Campeonato de España Abierto 2006"]
[Site "Leon ESP"]
[Date "2006.11.27"]
[Round "6.36"]
[White "Galard Agustin, Tomas E"]
[Black "Prieto Redondo, Guillermo"]
[Result "1-0"]
[WhiteElo "1924"]
[BlackElo "1617"]
[PlyCount "65"]
[EventDate "2006.11.22"]
[EventType "swiss"]
[EventRounds "9"]
[EventCountry "ESP"]
[Source "lmi"]
[SourceDate "2006.11.22"]

1. c4 c5 2. Nc3 Nc6 3. g3 Nf6 4. Nf3 d5 5. cxd5 Nxd5 6. Bg2 Nxc3 7. bxc3 g6 8.
O-O Bg7 9. Ba3 Qa5 10. Qc1 O-O 11. Bb2 Qb5 12. Rb1 Qxe2 13. Re1 Qc4 14. a3 Bf5
15. Ra1 Na5 16. Bf1 Qa4 17. Bg2 Qc4 18. Qd1 Nb3 19. Bf1 Bd3 20. Bxd3 Qxd3 21.
Re3 Qc4 22. d3 Qa4 23. Re4 Qxe4 24. dxe4 Nxa1 25. Qxa1 c4 26. Bc1 Rfd8 27. Be3
b5 28. Bd4 f6 29. e5 fxe5 30. Nxe5 a6 31. Qe1 Rd5 32. Nc6 Re8 33. Qe6+ 1-0

[Event "Campeonato de España Abierto 2006"]
[Site "Leon ESP"]
[Date "2006.11.27"]
[Round "6.38"]
[White "Rodriguez Yagüe, Fermin"]
[Black "Braña Lopez, Eduardo"]
[Result "0-1"]
[WhiteElo "1883"]
[BlackElo "2079"]
[PlyCount "100"]
[EventDate "2006.11.22"]
[EventType "swiss"]
[EventRounds "9"]
[EventCountry "ESP"]
[Source "lmi"]
[SourceDate "2006.11.22"]

1. e4 e5 2. Nf3 Nc6 3. d4 exd4 4. Nxd4 Nxd4 5. Qxd4 Qf6 6. e5 Qb6 7. c3 Bc5 8.
Qf4 d5 9. b4 Be7 10. a4 a5 11. b5 Bc5 12. Ba3 Ne7 13. Bxc5 Qxc5 14. Bd3 O-O 15.
Qd4 b6 16. Nd2 Qxd4 17. cxd4 c5 18. bxc6 Nxc6 19. Nf3 Bg4 20. Bb5 Nb4 21. Kd2
f6 22. Be2 Bxf3 23. Bxf3 fxe5 24. dxe5 Rae8 25. Rhe1 Rf5 26. e6 Rf6 27. Bg4
Rxf2+ 28. Re2 Rf4 29. Bf3 Rc4 30. Rc1 Rxc1 31. Kxc1 Kf8 32. Kd2 Ke7 33. Bg4 Rc8
34. Ke3 Rc2 35. Rxc2 Nxc2+ 36. Kf4 Kf6 37. Bf5 Nd4 38. e7 Kxe7 39. Bxh7 Kf6 40.
Bd3 Ne6+ 41. Kf3 Ke5 42. h4 Kd4 43. Bb5 Kc3 44. g4 Nd4+ 45. Kf4 Nxb5 46. g5 Nc7
47. Ke5 d4 48. h5 d3 49. h6 gxh6 50. g6 Ne8 0-1

[Event "Campeonato de España Abierto 2006"]
[Site "Leon ESP"]
[Date "2006.11.27"]
[Round "6.39"]
[White "Franco Cazon, Rodolfo"]
[Black "Fernandez Amez, Jesus"]
[Result "1-0"]
[WhiteElo "1987"]
[BlackElo "1951"]
[PlyCount "53"]
[EventDate "2006.11.22"]
[EventType "swiss"]
[EventRounds "9"]
[EventCountry "ESP"]
[Source "lmi"]
[SourceDate "2006.11.22"]

1. e4 c6 2. d4 d5 3. exd5 cxd5 4. c4 Nf6 5. Nc3 e6 6. Nf3 Nc6 7. Be2 Be7 8. O-O
O-O 9. Bg5 dxc4 10. Bxc4 h6 11. Bh4 Qc7 12. Qe2 Nh7 13. Bg3 Bd6 14. Nb5 Qb6 15.
Bxd6 a6 16. Bc7 Nxd4 17. Nfxd4 Qc5 18. Bd6 Qg5 19. Nc7 Rd8 20. Nf3 Qg4 21. Be7
b5 22. Bxd8 Ra7 23. Ne5 Qf4 24. g3 Qf5 25. Bd3 Qh3 26. Bxh7+ Kxh7 27. Qg4 1-0

[Event "Campeonato de España Abierto 2006"]
[Site "Leon ESP"]
[Date "2006.11.27"]
[Round "6.40"]
[White "Garcia Prieto, Pablo"]
[Black "Rodriguez Gonzalez, Miguel Angel"]
[Result "1-0"]
[WhiteElo "1876"]
[BlackElo "1888"]
[PlyCount "81"]
[EventDate "2006.11.22"]
[EventType "swiss"]
[EventRounds "9"]
[EventCountry "ESP"]
[Source "lmi"]
[SourceDate "2006.11.22"]

1. e4 e5 2. Nf3 Nf6 3. Nxe5 Qe7 4. Nf3 Nxe4 5. Qe2 d5 6. Nc3 Nxc3 7. dxc3 Nc6
8. Bf4 Be6 9. O-O-O O-O-O 10. Ng5 Qf6 11. g3 Bd6 12. Nxe6 fxe6 13. Be3 Be5 14.
f4 Bxc3 15. bxc3 Qxc3 16. Bg2 Nb4 17. Bd4 Nxa2+ 18. Kb1 Qb4+ 19. Kxa2 Rd6 20.
Bb2 Ra6+ 21. Kb1 c5 22. Qd2 Qa4 23. Qc3 Rf8 24. Rhe1 Kb8 25. Qe5+ Ka8 26. Rd3
Rb6 27. Kc1 c4 28. Ra3 Qb4 29. Qc3 Qd6 30. Qe5 Qb4 31. Qc3 Qd6 32. Kd2 Rd8 33.
Rea1 a6 34. Qe5 Qb4+ 35. Bc3 Qb5 36. Ba5 c3+ 37. Rxc3 d4 38. Rca3 Rd5 39. Bxd5
exd5 40. Rb3 Qc4 41. Qe8+ 1-0

[Event "Campeonato de España Abierto 2006"]
[Site "Leon ESP"]
[Date "2006.11.27"]
[Round "6.41"]
[White "Cantalapiedra Vega, Francisco"]
[Black "Garcia Panizo, Amilcar"]
[Result "1-0"]
[WhiteElo "2012"]
[BlackElo "1859"]
[PlyCount "51"]
[EventDate "2006.11.22"]
[EventType "swiss"]
[EventRounds "9"]
[EventCountry "ESP"]
[Source "lmi"]
[SourceDate "2006.11.22"]

1. e4 Nf6 2. e5 Nd5 3. c4 Nb6 4. d4 d6 5. exd6 cxd6 6. Nc3 g6 7. Be3 Bg7 8. Rc1
O-O 9. b3 Nc6 10. d5 Ne5 11. Be2 Re8 12. Nf3 Bg4 13. Nd4 Bxe2 14. Qxe2 Rc8 15.
O-O a6 16. f4 Ned7 17. Qf2 Nc5 18. f5 Nd3 19. Qf3 Rf8 20. Rcd1 Ne5 21. Qg3 Nbd7
22. Ne4 Nf6 23. Ng5 Neg4 24. fxg6 hxg6 25. Qh4 Nh6 26. Nge6 1-0

[Event "Campeonato de España Abierto 2006"]
[Site "Leon ESP"]
[Date "2006.11.27"]
[Round "6.47"]
[White "Lopez Filio, Antonio"]
[Black "Calleja Loma, David"]
[Result "0-1"]
[WhiteElo "1760"]
[BlackElo "1534"]
[PlyCount "70"]
[EventDate "2006.11.22"]
[EventType "swiss"]
[EventRounds "9"]
[EventCountry "ESP"]
[Source "lmi"]
[SourceDate "2006.11.22"]

1. d4 d5 2. c4 e6 3. Nf3 Nf6 4. Nc3 Nbd7 5. Bg5 Be7 6. Qc2 h6 7. Bh4 O-O 8. Rd1
b6 9. cxd5 exd5 10. e3 Bb7 11. Be2 Ne4 12. Bxe7 Qxe7 13. O-O Rac8 14. Rfe1 Nxc3
15. bxc3 c5 16. Bf1 Rc7 17. Rc1 Rfc8 18. Qd2 Nf6 19. Bd3 Ne4 20. Bxe4 Qxe4 21.
Qb2 cxd4 22. cxd4 Rc2 23. Rxc2 Qxc2 24. Qxc2 Rxc2 25. Ra1 Ba6 26. Ne5 Bb5 27.
g3 f6 28. Nf3 Bc4 29. a3 b5 30. Nh4 a5 31. Nf5 Kf8 32. Nd6 b4 33. axb4 axb4 34.
Nb7 b3 35. Kg2 b2 0-1

[Event "Campeonato de España Abierto 2006"]
[Site "Leon ESP"]
[Date "2006.11.28"]
[Round "7.2"]
[White "Granados Gomez, Manuel"]
[Black "Moreno Ruiz, Javier"]
[Result "0-1"]
[WhiteElo "2436"]
[BlackElo "2470"]
[PlyCount "98"]
[EventDate "2006.11.22"]
[EventType "swiss"]
[EventRounds "9"]
[EventCountry "ESP"]
[Source "lmi"]
[SourceDate "2006.11.22"]

1. e4 c5 2. Nf3 e6 3. b3 Nf6 4. e5 Nd5 5. Bb2 Nc6 6. g3 Be7 7. Bg2 O-O 8. O-O
f6 9. exf6 Bxf6 10. Bxf6 Qxf6 11. Na3 Nc7 12. c3 e5 13. d4 cxd4 14. cxd4 d6 15.
dxe5 dxe5 16. Nb5 Nxb5 17. Qd5+ Kh8 18. Qxb5 Bg4 19. Nd2 Nd4 20. Qxb7 Rad8 21.
Ne4 Nf3+ 22. Kh1 Qh6 23. h4 g5 24. Bxf3 Bxf3+ 25. Kg1 gxh4 26. Qe7 Rde8 27. Qg5
Qc6 28. Nd2 hxg3 29. fxg3 Rg8 30. Qh4 Bd5 31. Rac1 Qb6+ 32. Kh2 Rg6 33. Nc4 Qa6
34. Kg1 Rh6 35. Qg5 Rh1+ 36. Kf2 Qxa2+ 37. Nd2 Rh2+ 38. Ke1 Qa6 39. Nc4 Rh6 40.
Qe3 Rhe6 41. Rf7 R6e7 42. Rxe7 Rxe7 43. Rd1 Qe6 44. Qg5 Re8 45. Ne3 Rg8 46. Qh4
Bxb3 47. Rd8 Qb6 48. Rxg8+ Bxg8 49. Qe7 Qxe3+ 0-1

[Event "Campeonato de España Abierto 2006"]
[Site "Leon ESP"]
[Date "2006.11.28"]
[Round "7.4"]
[White "Fernandez Aguado, Enrique"]
[Black "Fernandez Romero, Ernesto"]
[Result "1-0"]
[WhiteElo "2356"]
[BlackElo "2442"]
[PlyCount "87"]
[EventDate "2006.11.22"]
[EventType "swiss"]
[EventRounds "9"]
[EventCountry "ESP"]
[Source "lmi"]
[SourceDate "2006.11.22"]

1. e4 e6 2. d4 d5 3. Nc3 Bb4 4. exd5 exd5 5. Bd3 Ne7 6. Qh5 c5 7. dxc5 d4 8. a3
Qa5 9. axb4 Qxa1 10. Nce2 Nbc6 11. Nf3 Qa2 12. O-O Nxb4 13. Bb5+ Nbc6 14. Nfxd4
O-O 15. Nb3 g6 16. Qf3 Qb1 17. Bxc6 bxc6 18. Nc3 Qxc2 19. Nd4 Bg4 20. Qxg4 Qd3
21. Bg5 Rfe8 22. h3 h5 23. Qe4 Qxe4 24. Nxe4 Nd5 25. Nd6 Reb8 26. Nxc6 Rxb2 27.
Rd1 Nc7 28. Rc1 Ra2 29. Bd8 Ne6 30. Ba5 g5 31. Nb7 g4 32. hxg4 hxg4 33. Nb4 Rb2
34. c6 Nd4 35. Rc4 g3 36. fxg3 Re8 37. Rxd4 Ree2 38. Kh2 f5 39. Kh3 Kg7 40. Nd3
Rb1 41. Kh2 Re6 42. Rd6 Re8 43. Bc3+ Kf7 44. Rd7+ 1-0

[Event "Campeonato de España Abierto 2006"]
[Site "Leon ESP"]
[Date "2006.11.28"]
[Round "7.8"]
[White "Alsina Leal, Daniel"]
[Black "Tattersall Rodriguez, Lester"]
[Result "1-0"]
[WhiteElo "2430"]
[BlackElo "2254"]
[PlyCount "66"]
[EventDate "2006.11.22"]
[EventType "swiss"]
[EventRounds "9"]
[EventCountry "ESP"]
[Source "lmi"]
[SourceDate "2006.11.22"]

1. e4 c5 2. Nf3 d6 3. d4 cxd4 4. Nxd4 Nf6 5. Nc3 a6 6. Be3 e6 7. f3 b5 8. g4 h6
9. Qd2 Nbd7 10. O-O-O Bb7 11. h4 b4 12. Na4 Qa5 13. b3 Nc5 14. a3 Nxa4 15. axb4
Qc7 16. bxa4 d5 17. e5 Nd7 18. f4 Nb6 19. Rh3 Nxa4 20. Bf2 Rc8 21. c4 dxc4 22.
Qc2 Qd7 23. f5 Bd5 24. fxe6 fxe6 25. Rf3 Kd8 26. Qg6 Kc7 27. Rf7 Be7 28. Nf5
Rce8 29. Rxd5 Qxd5 30. Nxe7 Qh1 31. Nd5+ Kc8 32. Ne3 Qc6 33. Bg2 Qb6 1-0

[Event "Campeonato de España Abierto 2006"]
[Site "Leon ESP"]
[Date "2006.11.28"]
[Round "7.10"]
[White "Argandoña Riveiro, Iñigo"]
[Black "Trujillo Delgado, Dafnae"]
[Result "1-0"]
[WhiteElo "2396"]
[BlackElo "2206"]
[PlyCount "63"]
[EventDate "2006.11.22"]
[EventType "swiss"]
[EventRounds "9"]
[EventCountry "ESP"]
[Source "lmi"]
[SourceDate "2006.11.22"]

1. d4 g6 2. e4 Bg7 3. c4 c5 4. d5 d6 5. Nc3 Nf6 6. Bd3 O-O 7. h3 Na6 8. Nf3 Nc7
9. a4 e6 10. O-O Na6 11. Bf4 e5 12. Bg5 Nb4 13. Be2 h6 14. Be3 Nh5 15. Qd2 Kh7
16. Nh2 Qh4 17. Bxh5 Qxh5 18. Nb5 Rd8 19. Nxd6 Rxd6 20. Bxc5 Nxd5 21. cxd5 Rd8
22. Qe3 f5 23. f3 b6 24. Bb4 Ba6 25. Rfc1 Rac8 26. Be7 Rd7 27. Rxc8 Bxc8 28. d6
Bb7 29. a5 bxa5 30. Rxa5 a6 31. Nf1 fxe4 32. Ng3 1-0

[Event "Campeonato de España Abierto 2006"]
[Site "Leon ESP"]
[Date "2006.11.28"]
[Round "7.11"]
[White "Recuero Guerra, David"]
[Black "Veganzones Rojo, David"]
[Result "1-0"]
[WhiteElo "2350"]
[BlackElo "2097"]
[PlyCount "77"]
[EventDate "2006.11.22"]
[EventType "swiss"]
[EventRounds "9"]
[EventCountry "ESP"]
[Source "lmi"]
[SourceDate "2006.11.22"]

1. e4 c6 2. d4 d5 3. Nc3 dxe4 4. Nxe4 Nd7 5. Ng5 Ngf6 6. Bd3 e6 7. Qe2 Bd6 8.
N1f3 h6 9. Ne4 Nxe4 10. Qxe4 Qc7 11. Bd2 b6 12. Qe2 Bb7 13. c4 O-O 14. O-O-O c5
15. Kb1 Rfe8 16. Bc3 Rad8 17. Rhe1 Qb8 18. Bc2 Nf8 19. dxc5 bxc5 20. Ne5 Qc7
21. g3 Be7 22. Rxd8 Rxd8 23. Ng4 f6 24. Ne3 Qc6 25. Nf5 exf5 26. Qxe7 Rd7 27.
Qe3 g6 28. h4 h5 29. b3 Kg7 30. Qe8 Qc7 31. Bxf6+ Kxf6 32. Qxf8+ Rf7 33. Qh8+
Rg7 34. Re8 Be4 35. Bxe4 fxe4 36. Rxe4 Qd7 37. Qf8+ Rf7 38. Rf4+ Ke6 39. Qxf7+
1-0

[Event "Campeonato de España Abierto 2006"]
[Site "Leon ESP"]
[Date "2006.11.28"]
[Round "7.13"]
[White "Liñan Baena, Jeronimo"]
[Black "Garcia Garcia, Ruben"]
[Result "1/2-1/2"]
[WhiteElo "2177"]
[BlackElo "2289"]
[PlyCount "55"]
[EventDate "2006.11.22"]
[EventType "swiss"]
[EventRounds "9"]
[EventCountry "ESP"]
[Source "lmi"]
[SourceDate "2006.11.22"]

1. d4 Nf6 2. c4 g6 3. Nc3 Bg7 4. e4 d6 5. f4 O-O 6. Nf3 c5 7. dxc5 Qa5 8. Bd3
Qxc5 9. Qe2 Bg4 10. Be3 Qa5 11. O-O Nc6 12. Rac1 Nd7 13. Qf2 Bxf3 14. gxf3 Nc5
15. Bb1 Na4 16. Nxa4 Qxa4 17. Rfd1 Qb4 18. b3 Qa3 19. Kh1 a5 20. c5 a4 21. cxd6
exd6 22. bxa4 Qxa4 23. Rxd6 Rfd8 24. Rxd8+ Rxd8 25. Qc2 Qa3 26. Qb3 Qxb3 27.
axb3 Bd4 28. Bxd4 1/2-1/2

[Event "Campeonato de España Abierto 2006"]
[Site "Leon ESP"]
[Date "2006.11.28"]
[Round "7.15"]
[White "Sahelices Casado, Roberto"]
[Black "Fernandez Siles, Luis"]
[Result "1/2-1/2"]
[WhiteElo "2134"]
[BlackElo "2298"]
[PlyCount "91"]
[EventDate "2006.11.22"]
[EventType "swiss"]
[EventRounds "9"]
[EventCountry "ESP"]
[Source "lmi"]
[SourceDate "2006.11.22"]

1. d4 e6 2. c4 f5 3. Nf3 Nf6 4. Nc3 c6 5. Bf4 d6 6. Qc2 Qb6 7. e3 Be7 8. Bd3
Na6 9. a3 c5 10. O-O O-O 11. Bg3 Bd7 12. d5 g6 13. dxe6 Bxe6 14. e4 fxe4 15.
Nxe4 Nxe4 16. Bxe4 Bf7 17. Rad1 Rad8 18. Rd2 Nc7 19. Rfd1 Qa6 20. b3 b5 21. h4
bxc4 22. bxc4 Qxc4 23. Qxc4 Bxc4 24. Bxd6 Bxd6 25. Rxd6 Rxd6 26. Rxd6 Re8 27.
Rc6 Na6 28. Nd2 Bb5 29. Rd6 Nc7 30. Bc6 Re1+ 31. Kh2 Ne8 32. Bxe8 Bxe8 33. Ra6
Re2 34. Nf3 Re7 35. Ng5 c4 36. Ra5 h6 37. Nf3 Rc7 38. Re5 Ba4 39. Ne1 Bd1 40.
Rd5 Bb3 41. Rb5 Re7 42. Rc5 Kf7 43. Nf3 Ke6 44. Nd4+ Kd6 45. Nxb3 cxb3 46. Rb5
1/2-1/2

[Event "Campeonato de España Abierto 2006"]
[Site "Leon ESP"]
[Date "2006.11.28"]
[Round "7.16"]
[White "Gonzalez Valero, Julio"]
[Black "Vega Gomez, Francisco Borja"]
[Result "1-0"]
[WhiteElo "2287"]
[BlackElo "2125"]
[PlyCount "71"]
[EventDate "2006.11.22"]
[EventType "swiss"]
[EventRounds "9"]
[EventCountry "ESP"]
[Source "lmi"]
[SourceDate "2006.11.22"]

1. d4 g6 2. e4 c5 3. d5 d6 4. Nc3 Bg7 5. Nf3 a6 6. a4 Bg4 7. Be2 Bxf3 8. Bxf3
Nf6 9. Be3 O-O 10. O-O Qc7 11. Qd2 Nbd7 12. Bh6 b6 13. Bxg7 Kxg7 14. Be2 c4 15.
g4 Rfc8 16. g5 Ne8 17. Ra3 Rab8 18. Nd1 b5 19. Qf4 Qd8 20. Rf3 Ne5 21. Rh3 Nc7
22. Qh4 Qh8 23. f4 Nd7 24. Bg4 Rd8 25. Bxd7 Rxd7 26. f5 bxa4 27. Qf2 Qf8 28.
fxg6 hxg6 29. Qh4 Qh8 30. Qg4 Qc8 31. Rxf7+ Kxf7 32. Rh7+ Kg8 33. Qh3 Ne8 34.
Rh8+ Kf7 35. Qe6+ Kg7 36. Qg8# 1-0

[Event "Campeonato de España Abierto 2006"]
[Site "Leon ESP"]
[Date "2006.11.28"]
[Round "7.17"]
[White "De La Barrera Montenegro, Eduar"]
[Black "Garcia Moral Garcia, Jose Daniel"]
[Result "0-1"]
[WhiteElo "2077"]
[BlackElo "2222"]
[PlyCount "80"]
[EventDate "2006.11.22"]
[EventType "swiss"]
[EventRounds "9"]
[EventCountry "ESP"]
[Source "lmi"]
[SourceDate "2006.11.22"]

1. e4 c5 2. Nf3 e6 3. d4 cxd4 4. Nxd4 Nf6 5. Nc3 d6 6. g4 Nc6 7. g5 Nd7 8. Be3
Be7 9. h4 O-O 10. Rg1 Nb6 11. Qf3 Ne5 12. Qh1 Nbc4 13. Bc1 Qb6 14. Nb3 f5 15.
Bxc4 Nxc4 16. Qg2 Bd7 17. Nd2 Ne5 18. f4 Ng4 19. Nc4 Qd4 20. exf5 exf5 21. Qd5+
Qxd5 22. Nxd5 Rae8 23. Nce3 Bd8 24. Bd2 Nxe3 25. Nxe3 Bb6 26. Rg3 Re4 27. O-O-O
Rxf4 28. Bc3 Rxh4 29. Rxd6 Rh1+ 30. Kd2 Bc6 31. Nd5 Rh2+ 32. Kd1 Bc5 33. Ne7+
Kf7 34. Nxf5 Bxd6 35. Nxd6+ Ke6 36. Re3+ Kd7 37. Nc4 Rf1+ 38. Be1 Rg2 39. Rd3+
Ke6 40. Ne3 Bf3+ 0-1

[Event "Campeonato de España Abierto 2006"]
[Site "Leon ESP"]
[Date "2006.11.28"]
[Round "7.19"]
[White "Bayon Fernandez, Rogelio"]
[Black "Varasa Paredes, Javier"]
[Result "1/2-1/2"]
[WhiteElo "2182"]
[BlackElo "1949"]
[PlyCount "102"]
[EventDate "2006.11.22"]
[EventType "swiss"]
[EventRounds "9"]
[EventCountry "ESP"]
[Source "lmi"]
[SourceDate "2006.11.22"]

1. d4 e6 2. g3 f5 3. Bg2 Nf6 4. c4 c6 5. c5 b6 6. b4 a5 7. Bd2 axb4 8. Bxb4 Na6
9. Bc3 bxc5 10. Nf3 Nb4 11. Bxb4 cxb4 12. Nbd2 Be7 13. Ne5 O-O 14. O-O Ba6 15.
Nb3 Qc7 16. Nd3 Bxd3 17. Qxd3 Ra3 18. Qc4 Rfa8 19. Rfc1 Qa7 20. Rc2 Qa6 21.
Qxa6 R8xa6 22. Rb2 Nd5 23. Bxd5 exd5 24. e3 Kf7 25. Kg2 Ke8 26. Kf3 Kf7 27. Kg2
Ke6 28. Kf3 c5 29. Ke2 c4 30. Nc1 b3 31. Rab1 bxa2 32. Ra1 Bd8 33. Rbxa2 Rxa2+
34. Rxa2 Rb6 35. Kd2 g5 36. Ne2 Be7 37. Kc2 Bb4 38. Kd1 Bd6 39. Kc1 Rb3 40. Ra6
Ke7 41. Kc2 Ra3 42. Rxa3 Bxa3 43. h4 h6 44. hxg5 hxg5 45. f3 Ke6 46. Nc3 Bb4
47. Ne2 Ba5 48. Kd1 Bb4 49. Kc2 Ba5 50. Kc1 Bc7 51. Kc2 Ba5 1/2-1/2

[Event "Campeonato de España Abierto 2006"]
[Site "Leon ESP"]
[Date "2006.11.28"]
[Round "7.20"]
[White "Marcos Pinto, Luis"]
[Black "Varela Mourin, Jesus"]
[Result "1/2-1/2"]
[WhiteElo "1987"]
[BlackElo "2182"]
[PlyCount "45"]
[EventDate "2006.11.22"]
[EventType "swiss"]
[EventRounds "9"]
[EventCountry "ESP"]
[Source "lmi"]
[SourceDate "2006.11.22"]

1. e4 c5 2. Nf3 Nc6 3. c3 d5 4. exd5 Qxd5 5. d4 e5 6. Be3 cxd4 7. cxd4 exd4 8.
Nxd4 Nf6 9. Nc3 Bb4 10. Nxc6 Qxc6 11. Qd4 Bxc3+ 12. Qxc3 Qxc3+ 13. bxc3 O-O 14.
g3 Nd5 15. Bd4 Re8+ 16. Kd2 Bf5 17. Bg2 Rad8 18. Rhe1 Rxe1 19. Rxe1 f6 20. Be4
Bxe4 21. Rxe4 b6 22. Kd3 Kf7 23. Re2 1/2-1/2

[Event "Campeonato de España Abierto 2006"]
[Site "Leon ESP"]
[Date "2006.11.28"]
[Round "7.21"]
[White "Coll Ortega, Jordi"]
[Black "Pena Gomez, Manuel"]
[Result "1/2-1/2"]
[WhiteElo "1950"]
[BlackElo "2319"]
[PlyCount "160"]
[EventDate "2006.11.22"]
[EventType "swiss"]
[EventRounds "9"]
[EventCountry "ESP"]
[Source "lmi"]
[SourceDate "2006.11.22"]

1. c4 e5 2. g3 Nf6 3. Bg2 d5 4. cxd5 Nxd5 5. Nf3 Nc6 6. O-O Nb6 7. d3 Be7 8.
Nbd2 O-O 9. a3 a5 10. b3 f6 11. Bb2 Be6 12. Qc2 Nc8 13. e3 N8a7 14. d4 exd4 15.
Nxd4 Nxd4 16. Bxd4 Nc6 17. Bb2 Bd5 18. Nf3 Bd6 19. Rfd1 Be6 20. Nd4 Nxd4 21.
Rxd4 Qc8 22. Rc1 Ra6 23. Qe4 Bxb3 24. Qxb7 Qxb7 25. Bxb7 Rb6 26. Bf3 Be6 27.
Rd2 Rxb2 28. Rxb2 Bxa3 29. Rbc2 Bxc1 30. Rxc1 a4 31. Ra1 Bd7 32. Bd5+ Kh8 33.
Kg2 g6 34. Ra3 Rb8 35. Kf3 Kg7 36. Ke4 f5+ 37. Kd4 Kf6 38. f4 Rb2 39. h3 Ke7
40. Ke5 Rb5 41. Kd4 h6 42. e4 fxe4 43. Bxe4 Rb4+ 44. Ke5 g5 45. fxg5 Rb5+ 46.
Kd4 Rxg5 47. h4 Ra5 48. Bd3 Kd6 49. Bc4 Rf5 50. Re3 Rf6 51. Kc3 Rg6 52. Rd3+
Kc6 53. Kb4 Rg4 54. Re3 Bf5 55. Kc3 a3 56. Bf7 Kd6 57. Kb3 Rg7 58. Bc4 Bb1 59.
Kxa3 Kc5 60. Be2 Kd4 61. Rf3 Be4 62. Rb3 c5 63. Kb2 c4 64. Rb4 Bd3 65. Bxd3
Kxd3 66. Rb6 c3+ 67. Kc1 h5 68. Rd6+ Kc4 69. Rc6+ Kd4 70. Rh6 Rxg3 71. Rxh5
Rg1+ 72. Kc2 Rg2+ 73. Kc1 Kd3 74. Rd5+ Kc4 75. Rd8 Rh2 76. Rc8+ Kd4 77. Rd8+
Ke4 78. Re8+ Kf4 79. Rc8 Rh3 80. Kc2 Rh1 1/2-1/2